00406nam a2200157Ia 4500003000400000005001700004008004100021020001800062040000900080082001800089100002800107245005300135260003900188300000900227650001200236OSt20210206110837.0190216s9999||||xx |||||||||||||| ||und|| a9789380902753 coclc a954.03bSHA/H a Sharma, Jitendra Kumar 0aHistory Of Modern India /cJitendra Kumar Sharma bAadi Publications,c2012.aJaipur: a284p aHistory